Everyday prayers / (Record no. 3347)

MARC details
000 -LEADER
fixed length control field 00773pam a2200253 a 4500
001 - CONTROL NUMBER
control field 3259925
003 - CONTROL NUMBER IDENTIFIER
control field GBCCL
005 - DATE AND TIME OF LATEST TRANSACTION
control field 20241126110453.0
008 - FIXED-LENGTH DATA ELEMENTS--GENERAL INFORMATION
fixed length control field 810430r19821959cau 000 0 eng
010 ## -
-- 81004236
020 ## - INTERNATIONAL STANDARD BOOK NUMBER
International Standard Book Number 0060604115 (pbk.)
040 ## - CATALOGING SOURCE
Original cataloging agency DLC
Transcribing agency DLC
Modifying agency DLC
050 10 -
-- BV245
-- .B32 1982
082 00 - DEWEY DECIMAL CLASSIFICATION NUMBER
Classification number 242.8
-- 248.32
Edition information 19
Item number BAR
100 1# - MAIN ENTRY--PERSONAL NAME
Personal name Barclay, William,
Dates associated with a name 1907-1978.
9 (RLIN) 67
240 10 -
-- Plain man's book of prayers
245 10 - TITLE STATEMENT
Title Everyday prayers /
Statement of responsibility, etc. William Barclay.
260 ## - PUBLICATION, DISTRIBUTION, ETC.
Place of publication, distribution, etc. San Francisco :
Name of publisher, distributor, etc. Harper & Row,
Date of publication, distribution, etc. [1982], c1959.
300 ## - PHYSICAL DESCRIPTION
Extent 128 p. ;
Dimensions 21 cm.
500 ## - GENERAL NOTE
General note Originally published as: The plain man's book of prayers. 1959.
650 #0 - SUBJECT ADDED ENTRY--TOPICAL TERM
Topical term or geographic name entry element Prayers.
9 (RLIN) 1129
906 ## - LOCAL DATA ELEMENT F, LDF (RLIN)
a 7
b cbc
c orignew
d 1
e ocip
f 19
g y-gencatlg
942 ## - ADDED ENTRY ELEMENTS (KOHA)
Source of classification or shelving scheme Dewey Decimal Classification
Koha item type Books
Holdings
Withdrawn status Lost status Source of classification or shelving scheme Damaged status Not for loan Home library Current Library Shelving location Date acquired Total checkouts Full call number Barcode Date last seen Copy number Price effective from Koha item type
    Dewey Decimal Classification     GRACE BIBLE COLLEGE GRACE BIBLE COLLEGE Ministry & Mission 2017-11-24   242.8 BAR 008134 2025-05-01 c.1 2017-11-24 Books
    Dewey Decimal Classification     GRACE BIBLE COLLEGE GRACE BIBLE COLLEGE Ministry & Mission 2018-02-23   242.8 BAR 008135 2025-05-01 c.2 2018-02-23 Books
© Grace Bible College Library 2025